[Event "Paris FIDE GP"]
[Site "Elancourt"]
[Date "2013.10.03"]
[Round "10"]
[White "Nakamura, Hikaru"]
[Black "Gelfand, Boris"]
[Result "0-1"]
[WhiteElo "2772"]
[BlackElo "2764"]
[Annotator "Gormally,D"]
[PlyCount "82"]
[EventDate "2013.09.22"]
[EventType "tourn"]
[EventRounds "11"]
[EventCountry "FRA"]
[EventCategory "20"]
[SourceTitle "CBM 157"]
[Source "ChessBase"]
[SourceDate "2013.11.12"]
[SourceVersion "1"]
[SourceVersionDate "2013.11.12"]
[SourceQuality "1"]

{Games between Nakamura and Gelfand are always interesting, as both players
are fighters, and they also represent two very different generations. This
game turned out to be one of the most impressive attacking games I have seen
in the last few years. Maybe ever?!} 1. e4 {[%mdl 1]} c5 2. Nf3 d6 3. d4 cxd4
4. Nxd4 Nf6 5. Nc3 a6 6. Be3 Ng4 7. Bc1 {Will the uncompromising Naka settle
for an early draw?} Nf6 8. Be3 Ng4 9. Bg5 {Of course not! This kid has balls!
Actually Naka had a big incentive to play for a win in this game- not only
would he leapfrog both Levon Aronian and Vladimir Kramnik into number two on
the live rating list, but he would also move tantalisingly close to joining
the 2800 club - a club that has only a handful of very select members.} h6 10.
Bh4 g5 11. Bg3 Bg7 12. h3 Ne5 {Kasparov was the first to popularise this line,
where Black aims for rapid piece development, perhaps at the cost of weakening
the kingside somewhat. However Gelfand must now be considered the main expert
here, which requires serious work, as the slightest mistep by either player
can lead to disaster.} ({Recently in a game against Kamsky, in an analogous
position, Nakamura had tried} 12... Nf6 {but the move played by Gelfand is
easily the main-line.}) 13. f3 Nbc6 14. Bf2 Be6 15. Qd2 Rc8 16. O-O-O Nxd4 17.
Bxd4 Qa5 18. a3 O-O 19. h4 g4 $1 {It looks as if White can now destablise the
knight on e5 by playing f4, but of course Black has devious intentions against
the white king.} 20. Qf2 $6 {Naka wants to play f4, but in an improved
situation. However the queen isn't so well placed here, for reasons which
weren't easy to foresee.} ({If he plays it straight away, he will lose too
much time with his queen;} 20. f4 Nc4 21. Bxc4 Bxd4 $1 ({the line} 21... Rxc4
$2 22. Bxg7 Kxg7 23. f5 Rfc8 24. fxe6 Rxc3 25. Qd4+ f6 26. bxc3 {just doesn't
work}) 22. Qxd4 Rxc4 23. Qe3 Rfc8 24. f5 Rxc3 25. bxc3 Bd7 {where Black has
very good action for the exchange.}) (20. Qe3 $1 {was the right way. There is
a subtle difference between having the queen on e3 rather than f2, which
becomes clear if Black plays the same way he does in the game:} Rc6 21. f4 Rfc8
22. fxe5 dxe5 23. Ba7 $1 b6 24. Rd5 Bxd5 25. Nxd5 Rxc2+ 26. Kb1 {and although
still very sharp, at least White is in the game.}) 20... Rc6 $1 21. f4 Rfc8 $3
{[%mdl 512] Brilliant! Black's attack down the c-file is all that matters.} ({
By contrast,} 21... Nc4 $6 22. Bxc4 Rxc4 23. Bxg7 Kxg7 24. f5 {is what Naka
was playing for and really a nightmare scenario for Black in such a variation,
as his queenside initiative will come to an end, when he'll be left with these
horrible weaknesses on the kingside. He must play for the initiative always!}
Bd7 25. f6+ $18) 22. Qg3 $2 (22. fxe5 dxe5 23. Ba7 Rxc3 24. bxc3 Qxa3+ 25. Kd2
Qxc3+ {This is the difference between 20.Qf2?! and 20.Qe3! with the queen on
e3 this variation would be impossible, as the c3-pawn would be protected.}) ({
However White should have continued the theme of fighting for the intiative at
any cost -} 22. f5 $1 {the problem is that pyschologically it's very tough to
make such a move, as the plan of undermining the knight on e5 has gone forever.
} Bd7 {would have led to a complete mess, but one in which you feel that Black
is more than ok. A typical continuation could be something like} (22... Bc4 23.
Bxc4 Rxc4 $2 (23... Nxc4 24. Bxg7 Kxg7 25. f6+ {and White's attack is quicker})
24. Bb6) 23. Qe3 e6 $1 24. f6 Bxf6 25. Qxh6 Bg7 26. Qd2 b5 $1 {when Black's
queenside intiative is still more than kicking. In fact I'd wager that 99
percent of players would prefer to play Black in such a position, where all
his pieces are primed for a brutal assault on the white king.}) 22... Nd7 $1 {
Now White can't prevent an eventual exchange sac on c3, after which Black will
always get terrific compensation.} 23. Bxg7 Kxg7 24. f5 Rxc3 $6 {Tempting, but
missing something even stronger.} (24... Ne5 $1 $40 25. fxe6 Rxc3 26. bxc3 Rxc3
27. Qf2 Rxa3 {and it's pretty much over.}) 25. bxc3 Qxa3+ (25... Ne5 $1 {
was again very strong, as White's queenside is falling apart.}) 26. Kd2 Nf6 {
Gelfand must have been having a lot of fun here.} 27. Qd3 $1 Bc4 {Gelfand goes
for the safe continuation. Of course after this he is much better, as White's
co-ordination is all over the place, but Naka's defensive skills are so good
that he slowly creeps back into the game.} ({In such positions when your
opponent's king is looking more exposed than Chace Crawford on a hen night,
you have a lot of choice.} 27... Nxe4+ $1 28. Qxe4 Qxc3+ 29. Kc1 Qa3+ 30. Kd2
Qa5+ 31. Ke2 Bxf5 32. Rd5 Bxe4 33. Rxa5 Rxc2+ {would have led by force to this
ending where Black is surely winning. He just has too many pawns!  But it's
very tempting to keep the queens on. It's certainly a good practical decision.
The reality is it's extremely difficult for White to defend such a fractured
position, in a practical game with the clock ticking, especially when your
king is floating about in the centre. Maybe only a supercomputer could do it.})
28. Qd4 d5 {Opening up the position yet further starts to make the white king
look more and more vulnerable.} 29. exd5 Bxd5 30. Rg1 Be4 $1 31. Bd3 Qa5 $1 32.
Qb4 $1 (32. Bxe4 $2 Rd8 $19) 32... Qc7 33. Bxe4 $2 {Under the greatest of
pressure, Naka finally cracks.} ({He had to try} 33. Kc1 a5 34. Qd4 {when
there is still something left to play for.}) 33... a5 (33... Qf4+ $1 34. Ke2
Nxe4 35. Qd4+ Kg8 {and Black has a huge attack and must surely be winning.} 36.
Rgf1 Nxc3+ 37. Ke1 Qg3+ 38. Rf2 Nxd1 {and it's over.}) 34. Qxb7 Qf4+ (34...
Qxc3+ 35. Ke2 Rc4 $1 36. Bd3 Qe5+ 37. Kd2 Qf4+ 38. Ke2 Ne4 $1 {was killing.})
35. Ke2 Rc7 $1 (35... Rc4 $1 36. Bd3 Qe5+ 37. Kd2 Qxc3+ 38. Ke3 Qd4+ 39. Ke2
Qe5+ 40. Kd2 Qf4+ 41. Ke2 Ne4 {would transpose back into the earlier variation,
but Gelfand's choice is more "human".}) 36. Qb6 Nxe4 37. Qd4+ Kh7 38. c4 $2 {
Allowing an immediate kill, but White's task was pretty hopeless in any case.}
(38. Rgf1 Nxc3+ 39. Qxc3 Qxf1+ 40. Kxf1 Rxc3 41. Rd7 Rxc2 42. Rxe7 Kg7 {
and Black should easily win the endgame.}) 38... Rd7 $1 {Gelfand's tactical
sharpness is remarkable.} 39. Qe3 (39. Qxd7 Qf2+ 40. Kd3 Nc5+ 41. Kc3 Nxd7 $19)
39... Ng3+ 40. Qxg3 Qxg3 41. Rxd7 Qe5+ {A superb achievement by big booming
Boris.} 0-1

[Event "Baku FIDE GP"]
[Site "Baku"]
[Date "2014.10.02"]
[Round "1"]
[White "Gelfand, Boris"]
[Black "Andreikin, Dmitry"]
[Result "1-0"]
[WhiteElo "2748"]
[BlackElo "2722"]
[Annotator "Sagar Shah"]
[PlyCount "45"]
[EventDate "2014.10.02"]
[EventType "tourn"]
[EventRounds "11"]
[EventCountry "AZE"]
[EventCategory "21"]
[SourceTitle "CBM 163"]
[Source "ChessBase"]
[SourceDate "2014.11.11"]
[SourceVersion "1"]
[SourceVersionDate "2014.11.11"]
[SourceQuality "1"]

1. d4 e6 2. c4 Nf6 3. Nf3 b6 4. g3 Bb7 (4... Ba6 5. Qc2 Bb7 6. Bg2 c5 7. d5 {
is one of the topical lines. The main difference with this position and the
one that was reached in the game was that after} exd5 8. cxd5 {Black can take
here with the knight on d5.} Nxd5 $13 {whereas in the game it is not possible.}
) 5. Bg2 c5 {It has been proved before that this move is not the best. However,
Black players try to come well prepared with computer analysis and are able to
hold the position. In this game though, Boris Gelfand was one step ahead of
Andreikin when it came to being acquainted with opening theory.} 6. d5 exd5 7.
cxd5 {This is not a new move but only 22 games have been played in it before.
White's results are excellent and even Boris Gelfand thinks this is the best
move which makes me wonder why this line is not so popular? I do not know.
Maybe this game will change the trend.} (7. Nh4 {was played by Gelfand against
Gashimov in the year 2012. Andreikin might have based his preparations on that
game.}) 7... Bxd5 (7... Nxd5 {is no longer possible as White just plays} 8. Nh4
$1 $18 {and Black loses a piece.}) 8. Nc3 Bc6 (8... Bb7 {is another
possibility that keeps the c6-square free for the knight.} 9. e4 {Just like in
the game White prevents d5.} Nxe4 10. Nd5 $5 $44 {With the bishop on b7 , this
might be even better.} (10. Nxe4 Bxe4 11. Qe2 Qe7 12. O-O Nc6 $5 13. Bf4 $1 {
as shown in the main continuation.})) 9. e4 $1 d6 {This is just an admission
that Black is worse in the position.} (9... Nxe4 {looks like the critical move
but White gets excellent compensation.} 10. Nxe4 Bxe4 11. Qe2 Qe7 12. O-O Nc6 (
12... d5 {was played in the Brunello-Al Taher and it seems like a mistake} 13.
Re1 $1 Nd7 (13... Nc6 14. Qb5 Qd7 15. Bh3 $18) 14. Qb5 f5 15. Bf4 $18) 13. Bf4
$1 (13. Re1 $6 Bxf3 14. Bxf3 Qxe2 15. Rxe2+ Be7 16. Bxc6 dxc6 17. Bg5 f6 18.
Rae1 O-O-O 19. Rxe7 fxg5 $11) 13... d5 (13... Bf5 14. Qb5 $36) 14. Rfe1 O-O-O
15. Qb5 $1 $44 {should give White excellent compensation.}) 10. O-O (10. Qb3 {
was also fairly strong. Amongst many other ideas is to play e4-e5 and Bf4 with
0-0-0.} Nbd7 (10... Be7 11. e5 $1 Ne4 (11... dxe5 $2 12. Nxe5 $18) 12. Nxe4
Bxe4 13. exd6 Qxd6 14. O-O $44 {[%cal Gc1f4,Gf1e1,Ga1d1]}) 11. O-O Rc8 12. Nb5
$1 $36) 10... Be7 (10... g6 $2 11. Re1 $1 Bg7 12. e5 $18) 11. Nh4 $1 {This was
first played between Sargissan-Socko in 2012. Till now 5 games have been
played in it with 4 wins for White. The threat is to play Nf5 and leave Black
just one tempo short of being able to co-ordinate himself perfectly. 11...g6
stops Nf5 but allows Bh6 as in the game but 11...0-0 allows Nf5 with an
initiative.} g6 $2 $146 {Andreikin was definitely not prepared for the fact
that Gelfand would be so well prepared! He plays a new move in the position
but one that is not at all good.} ({Here are some sample games that have been
played before.} 11... O-O 12. Nf5 Re8 (12... g6 13. Nxe7+ Qxe7 14. Bg5 Qe6 15.
Re1 (15. Qd2 $1 b5 16. Rad1 b4 17. Bxf6 Qxf6 18. Nd5 $16) 15... Nbd7 16. f4
Rfe8 17. Qd2 b5 18. h3 h5 19. a3 a5 20. Kh2 b4 21. Nd5 Bxd5 22. exd5 Qf5 $15 {
0-1 (44) Bellon Lopez,J (2382)-Urkedal,F (2492) Stockholm SWE 2013}) 13. Bf4 (
13. Bg5 Bf8 14. Re1 Nbd7 15. Nxd6 Re6 16. Nf5 Qe8 17. Nd5 Bxd5 18. exd5 Rxe1+
19. Qxe1 Qxe1+ 20. Rxe1 $16 {1-0 (45) Holt,C (2513)-Shankland,S (2612) Saint
Louis 2013}) 13... Bf8 14. Re1 Nbd7 15. Nxd6 (15. Bxd6 $1 $16) 15... Bxd6 16.
Bxd6 Ne5 17. Bxe5 Rxe5 18. Qxd8+ (18. Qc2 Qc7 19. f4 Ree8 20. e5 Nd7 21. Rad1
$16 {1-0 (47) Moranda,W (2570)-Dragun,K (2523) Wroclaw 2013}) 18... Rxd8 19.
Rad1 Rxd1 20. Rxd1 g5 21. f4 gxf4 22. gxf4 Re8 23. e5 Bxg2 24. Kxg2 Nh5 25. Kf3
Kf8 26. Ne4 Ng7 27. Nf6 $18 {1-0 (40) Sargissian,G (2666)-Socko,B (2631)
Warsaw 2012}) 12. Bh6 {Preventing 0-0.} Bf8 {Gelfand had a long think at this
point. He could have gone back Bg5 which also retains an initiative but
finally decided to play the simplest move which I think is the best.} (12...
Nbd7 $4 13. e5 $1 Nxe5 (13... Bxg2 14. exf6 Bxf1 15. fxe7 Qxe7 16. Qxf1 $18)
14. f4 $1 Bxg2 15. fxe5 Bxf1 16. exf6 Bxf6 17. Qa4+ {[%cal Rd8d7,Ga4e4,Ge4a8]}
b5 (17... Qd7 18. Qe4+ $18) 18. Qe4+ {[%csl Ra8]} Kd7 19. Rxf1 $18) 13. Bxf8 $1
(13. Bg5 $5 h6 $2 (13... Be7 {is relatively the best. White will most probably
go back} 14. Bh6 {when after} Bf8 {taking on f8 looks the best.}) 14. Bxf6 $1
Qxf6 15. Nd5 Qd8 16. e5 $1 dxe5 17. Qc2 $3 {a sacrifice is looming on g6.} Bxd5
18. Rad1 Bxg2 19. Rxd8+ Kxd8 20. Kxg2 $18) 13... Kxf8 14. Qd2 {A simple yet
important move connecting the rooks, preparing Rad1 putting pressure on d6 and
also threatening to enter on h6. Not to forget that many times Nf5 sacrifice
can be played and the queen enters the attack via g5.} (14. f4 {would give
Black time to organise his pieces.} Kg7 15. Qd2 b5 {[%csl Re4][%cal Gb5b4]})
14... Ne8 (14... Kg7 15. Rad1 Ne8 {tranposes to the game.}) 15. Rad1 Kg7 16. f4
$1 {Gelfand plays this game very nicely. He doesn't try to hard to find some
deep moves. He just keeps on strengthening his position till the point when
Black can no longer hold his position.} Qc8 {[%cal Gb8d7,Gc8c6]} (16... Nd7 17.
e5 $1 Bxg2 18. Qxg2 {White's position is too strong. He is threatening not
only to invade with something like Qb7 but also ideas like f5 blasting through
towards the black king. And not to forget Nb5 with the simple idea of taking
on d6.} Rc8 19. Nb5 $1 $18) ({Black has no time to develop} 16... Na6 17. f5
Nac7 18. e5 Bxg2 19. Qxg2 $18 {[%csl Ge5,Gf5][%cal Gd1d8]}) (16... a6 {is the
computer's choice of trying to defend the position. The idea is to defend by
acitvating the rook on a7. Ingenious but White just plays simple chess.} 17. f5
$1 Ra7 18. f6+ Kg8 19. Nf5 gxf5 $2 20. Qg5+ Kf8 21. Qh6+ Kg8 22. Rxf5 $18 {
[%cal Gf5g5]}) 17. Nd5 Rf8 (17... Bxd5 18. Qxd5 {[%cal Gd5a8]} Nd7 19. e5 $18
Rb8 20. Nf3 $1 {Gelfand when analysing this position stressed this move saying
that it was very nice with the idea of bringing the knight to g5. Really it is
pretty and shows the importance of activating your worst placed piece even in
superior positions.} h6 (20... Qb7 21. Qd2 $18) 21. f5 $5 gxf5 22. Nh4 $1 $18)
18. e5 $1 {Gelfand is very alert to all the tactical possibilities in the
position.} (18. Ne7 $2 Qd7 19. Nxc6 Nxc6 {[%cal Gc6d4] would botch up a lot of
the advantage for White.}) (18. f5 Bxd5 19. Qxd5 Nd7 20. fxg6 fxg6 (20... hxg6
21. Qg5 $18 {[%cal Gh4f5]}) 21. Rxf8 Nxf8 22. Rf1 $18) 18... dxe5 19. f5 $1 {
A very nice and typical pawn sacrifice by Gelfand. He could have just played
18.f5 but that would have kept his Bg2 closed. Now it is open and emitting
fire in the position.} Qd8 (19... f6 20. fxg6 hxg6 21. Nxg6 $1 Kxg6 22. Ne7+
$18) (19... Qd7 20. f6+ Nxf6 21. Nf5+ $18) 20. f6+ Nxf6 21. Nf5+ Kh8 (21...
gxf5 22. Qg5+ Kh8 23. Nxf6 Qe7 24. Qh6 $18) 22. Qh6 Rg8 23. Nxf6 (23. Nxf6 Qxf6
24. Nd6 $18 {[%cal Gf1f7,Gd6f7] A powerful game by Gelfand who might have just
put to rest the debate as to whether this line of the Queen's Indian starting
with 5...c5 is playable for Black or not.}) 1-0